The book of Eve / (Запис № 475673)

МАРК-запис
000 -LEADER
fixed length control field 01133nam a2200265Mi 4500
001 - CONTROL NUMBER
control field bookofeve00bere
003 - CONTROL NUMBER IDENTIFIER
control field CaSfIA
005 - DATE AND TIME OF LATEST TRANSACTION
control field 20210117221251.0
007 - PHYSICAL DESCRIPTION FIXED FIELD--GENERAL INFORMATION
fixed length control field cr||||
008 - FIXED-LENGTH DATA ELEMENTS--GENERAL INFORMATION
fixed length control field 020211s1975 nyu 000 0 eng d
040 ## - CATALOGING SOURCE
Original cataloging agency GyGoGBV
Description conventions rakwb
Language of cataloging ger
Transcribing agency GBVCP
Modifying agency CaSfIA
020 ## - INTERNATIONAL STANDARD BOOK NUMBER
International Standard Book Number 0380004860
020 ## - INTERNATIONAL STANDARD BOOK NUMBER
International Standard Book Number 9780380004867
035 ## - SYSTEM CONTROL NUMBER
System control number (OCoLC)248797137
100 1# - MAIN ENTRY--PERSONAL NAME
Personal name Beresford-Howe, Constance.
245 14 - TITLE STATEMENT
Title The book of Eve /
Medium [electronic resource]
Statement of responsibility, etc Constance Beresford-Howe.
250 ## - EDITION STATEMENT
Edition statement 1. Avon printing.
260 ## - PUBLICATION, DISTRIBUTION, ETC. (IMPRINT)
Place of publication, distribution, etc New York :
Name of publisher, distributor, etc Avon,
Date of publication, distribution, etc 1975.
300 ## - PHYSICAL DESCRIPTION
Extent 191 S.
506 ## - RESTRICTIONS ON ACCESS NOTE
Standardized terminology for access restriction Необхідна авторизація на https://archive.org/ (створення облікового запису безкоштовно)
506 ## - RESTRICTIONS ON ACCESS NOTE
Standardized terminology for access restriction Необхідна авторизація на https://openlibrary.org/ (створення облікового запису безкоштовно)
856 41 - ELECTRONIC LOCATION AND ACCESS
Uniform Resource Identifier <a href="http://www.archive.org/details/bookofeve00bere">http://www.archive.org/details/bookofeve00bere</a>
Public note Free eBook from the Internet Archive
856 42 - ELECTRONIC LOCATION AND ACCESS
Uniform Resource Identifier <a href="http://www.openlibrary.org/books/OL21333808M">http://www.openlibrary.org/books/OL21333808M</a>
Public note Additional information and access via Open Library
942 ## - ADDED ENTRY ELEMENTS (KOHA)
Koha item type ЕКнига

Немає доступних примірників.